|
|
|
|
| LEADER |
01517cam a2200301 i 4500 |
| 001 |
14218663 |
| 003 |
GR-PaULI |
| 005 |
20210117210714.0 |
| 008 |
180906s2006 ctua b 001 0 eng d |
| 952 |
|
|
|0 0
|1 0
|2 ddc
|4 0
|6 792_809000000000000_045_MOR
|7 0
|9 225453
|a THST
|b THST
|d 2018-09-06
|i 008634
|l 0
|o 792.809 045 MOR
|p 025000255319
|r 2018-09-06 00:00:00
|t 1
|v 2018.00
|w 2018-09-06
|y BK15
|
| 999 |
|
|
|c 136055
|d 136055
|
| 010 |
|
|
|a 2006000181
|
| 020 |
|
|
|a 081956804X (cloth : alk. paper)
|
| 020 |
|
|
|a 0819568058 (pbk. : alk. paper)
|
| 020 |
|
|
|a 9780819568045
|
| 020 |
|
|
|a 9780819568052
|
| 040 |
|
|
|a DLC
|c DLC
|d BAKER
|d C#P
|d DLC
|d GR-PaULI
|b gre
|e AACR@
|
| 082 |
0 |
4 |
|a 792.809 045
|2 23
|
| 100 |
1 |
|
|a Morris, Gay
|d 1940-
|9 36422
|e συγγραφέας
|
| 245 |
1 |
2 |
|a A game for dancers :
|b performing modernism in the postwar years, 1945-1960 /
|c Gay Morris.
|
| 260 |
|
|
|a Middletown, Conn. :
|b Wesleyan University Press,
|c c2006.
|
| 300 |
|
|
|a xxviii, 254 σ. :
|b εικ. ;
|c 23 εκ.
|
| 504 |
|
|
|a Περιλαμβάνει βιβλιογραφία και ευρετήριο.
|
| 505 |
0 |
|
|a The trouble with modern dance -- Ballet's challenge -- Modernist theory : John Martin, Edwin Denby, John Cage -- Embodying community -- African-American vanguardism : 1940s -- African-American vanguardism : 1950s -- Objectivism's consonance.
|
| 650 |
|
4 |
|a Χορός, Μοντέρνος
|x Ιστορία
|9 102820
|
| 856 |
4 |
1 |
|3 Table of contents
|u http://www.loc.gov/catdir/toc/ecip067/2006000181.html
|
| 942 |
|
|
|2 ddc
|c BK15
|
| 998 |
|
|
|c ΜΑΝΙΑ
|d 2018-09
|